Lí thuyết biểu diễn nhóm và ứng dụng trong vật lí
Nội dung sách gồm: cơ sở lý thuyết nhóm; lý thuyết biểu diễn nhóm; biểu diễn của một số nhóm cụ thể; dao động nhỏ của các hệ đối xứng.
Guardado en:
| Autor principal: | |
|---|---|
| Formato: | Libro |
| Lenguaje: | Undetermined |
| Publicado: |
Hà Nội
Nxb. Đại học Sư phạm
2013
|
| Materias: | |
| Etiquetas: |
Agregar Etiqueta
Sin Etiquetas, Sea el primero en etiquetar este registro!
|
| Thư viện lưu trữ: | Trung tâm Học liệu Trường Đại học Cần Thơ |
|---|
| LEADER | 00907nam a2200217Ia 4500 | ||
|---|---|---|---|
| 001 | CTU_202505 | ||
| 008 | 210402s9999 xx 000 0 und d | ||
| 020 | |c 40000 | ||
| 082 | |a 512.2 | ||
| 082 | |b H401 | ||
| 100 | |a Lê, Viết Hòa | ||
| 245 | 0 | |a Lí thuyết biểu diễn nhóm và ứng dụng trong vật lí | |
| 245 | 0 | |c Lê Viết Hòa, Lê Đức Ánh | |
| 260 | |a Hà Nội | ||
| 260 | |b Nxb. Đại học Sư phạm | ||
| 260 | |c 2013 | ||
| 520 | |a Nội dung sách gồm: cơ sở lý thuyết nhóm; lý thuyết biểu diễn nhóm; biểu diễn của một số nhóm cụ thể; dao động nhỏ của các hệ đối xứng. | ||
| 650 | |a Group theory,Lý thuyết nhóm | ||
| 650 | |x Study and teaching,Học và dạy | ||
| 904 | |i Tuyến | ||
| 980 | |a Trung tâm Học liệu Trường Đại học Cần Thơ | ||